你還沒有愛過

資料類型: Book 圖書   書目號:25244

Leader xxxxxxxxxx
001 __ PCLIS00025244
005 __ 20230215120137.0
010 0_ |b平裝|dNT$75
100 __ |a20001006d1983   m  y0chiy09      e
101 0_ |achi
102 __ |atw
105 __ |ay   z   000cy
200 1_ |a你還沒有愛過|f張曉風著
205 __ |a十一版
210 __ |a臺北市|c大地|d民72[1983]
215 0_ |a239面|d19公分
225 1_ |a萬卷文庫|v91
681 __ |a855|b8765
681 __ |a855|b8720 88 V91C1
681 __ |a855|b8720 88 V91
700 _1 |a|b曉風|f1941-  |4801 _0 |atw|b內湖高中|c20010622|gCCR
詳細館藏(共 1 筆)
索 書 號登 錄 號冊次號館別 / 館藏地流通類型狀態加入預約清單電子資源
855 / 8765 2010776  圖書館 / 一樓普通區 可外借30天 在館   

| 條列資料




目錄查詢 分類查詢 個人資料 圖書薦購 新書查詢 閉館日 排行榜 更多電子資源 Hami書城 線上資料庫 登出

From : 216.73.216.116

  本日流通累計至 09:50:34 借閱 : 3 次 續借 : 0 次 歸還 : 7 次 預約 : 0 次 電子資源 : 0 次


內湖高中圖書館  PCLIS 版本  25.5.0.2